000 00609nam a2200217Ia 4500
001 15005
003 GE_BSU
008 181216s||||||||xx |||||||||||||| ||und||
040 _cGE_BSU
100 _aქიაჩელი,ლეო
245 _aტარიელ გოლუა.
245 _bრომანი
245 _cრედ.ა.მერცხულავა
260 _aთბილისი
260 _bსახელგამი
260 _c1944
300 _a155გვ.21სმ.
653 _aრომანი
653 _aტარიელ გოლუა.
942 _cBK
999 _c48124
_d48124